Statistics for Countries with the Biggest Economies

Click here to take the quiz!

General Stats

  • This quiz has been taken 38 times
  • The average score is 19 of 20

Answer Stats

Ranking Country % Correct
1United States
100%
4Germany
100%
6United Kingdom
100%
7France
100%
13Spain
100%
14Australia
97%
3Japan
97%
5India
97%
8Italy
97%
9Brazil
97%
10Canada
97%
2China
97%
16Indonesia
95%
11Russia
92%
12South Korea
92%
15Mexico
89%
18Saudi Arabia
89%
19Turkey
89%
17Netherlands
78%
20Switzerland
73%

Score Distribution

Percentile by Number Answered

Percent of People with Each Score

Your Score History

You have not taken this quiz